ბათუმის შოთა რუსთაველის სახელმწიფო უნივერსიტეტის ბიბლიოთეკა

ჩანაწერი Corporate Name

ჩანაწერთა რაოდენობა, რომელიც გამოყენებულია: 1

001 - CONTROL NUMBER

  • control field: 10821

003 - CONTROL NUMBER IDENTIFIER

  • control field: GE_BSU

005 - DATE AND TIME OF LATEST TRANSACTION

  • control field: 20210329173342.0

008 - FIXED-LENGTH DATA ELEMENTS

  • fixed length control field: 210329|| aca||aabn | a|a d

040 ## - CATALOGING SOURCE

  • Original cataloging agency: GE_BSU
  • Transcribing agency: GE_BSU

110 ## - HEADING--CORPORATE NAME

  • Corporate name or jurisdiction name as entry element: ბათუმის შოთა რუსთაველის სახ-ფო უნ-ტი;
  • Subordinate unit: საბუნებისმეტყველო მეცნიერებათა და ჯანდაცვის ფაკ-ტი. ბიოლოგიის დეპ-ტი

670 ## - SOURCE DATA FOUND

  • Source citation: Work cat.: (GE_BSU)55439: ჯაყელი, ჯულიეტა 10820, ბათუმის ბოტანიკურ ბაღში მსოფლიო ფლორის IUCN "წითელი ნუსხით" დაცული სახეობების ბიოეკოლოგიური თავისებურებები და ex-siti კონსერვაცია /